Third Largest Cities in Each Country - Statistics

General Stats
  • This quiz has been taken 456 times
    441 since last reset
  • The average score is 40 of 196
Answer Stats
Country City % Correct
Holy See | Monaco | Singapore N/A
95%
Germany Munich
82%
Australia Brisbane
81%
France Lyon
79%
Italy Naples
78%
Canada Vancouver
78%
United States Chicago
77%
United Kingdom Manchester
74%
Spain Valencia
74%
China Beijing
73%
India Kolkata
73%
Brazil Belo Horizonte
70%
Japan Nagoya
68%
Sweden Malmö
67%
Netherlands The Hague
67%
South Africa Durban
65%
New Zealand Christchurch
63%
Turkey Izmir
62%
Belgium Ghent
61%
Morocco Fez
60%
Colombia Cali
59%
Nigeria Kano
57%
Austria Linz
57%
Switzerland Basel
56%
Bolivia La Paz
56%
Poland Lodz
56%
Israel Haifa
55%
Russia Novosibirsk
54%
Argentina Rosario
54%
Indonesia Bandung
53%
Iran Isfahan
51%
Norway Trondheim
51%
Bulgaria Varna
51%
Ireland Limerick
50%
Egypt Giza
49%
Finland Tampere
49%
Ukraine Dnipropetrovsk
47%
Pakistan Faisalabad
43%
Denmark Odense
43%
South Korea Incheon
42%
Czechia Ostrava
41%
Vietnam Da Nang
37%
Philippines Davao City
37%
Romania Timisoara
36%
Myanmar Naypyidaw
35%
Serbia Nis
33%
Algeria Constantine
32%
Syria Homs
31%
Croatia Rijeka
31%
Togo Kara
30%
Democratic Republic of the Congo Mbuji-Mayi
30%
Greece Patras
30%
Nicaragua León
29%
Lithuania Klaipeda
28%
Portugal Coimbra
25%
Belize Belmopan
24%
Montenegro Herceg Novi
24%
Cyprus Larnaca
24%
Uzbekistan Samarkand
24%
San Marino San Marino
24%
United Arab Emirates Sharjah
24%
Tunisia Sousse
24%
Taiwan Taichung
24%
Malta Mosta
23%
Georgia Batumi
22%
Chile Concepcíon
22%
Malaysia Johor Bahru
21%
Kazakhstan Shymkent
20%
Estonia Narva
19%
Bangladesh Khulna
17%
Belarus Mogilev
17%
Namibia Walvis Bay
16%
Venezuela Maracay
15%
Afghanistan Mazar-i-Sharif
15%
Hungary Miskolc
15%
Lebanon Sidon
14%
Bosnia and Herzegovina Tuzla
14%
Tanzania Arusha
13%
Albania Elbasan
13%
Kyrgyzstan Jalal-Abad
13%
Latvia Liepaja
13%
Gambia Banjul
12%
Cuba Camagüey
12%
Slovenia Celje
11%
El Salvador Santa Ana
11%
Ecuador Cuenca
10%
Jordan Irbid
10%
Slovakia Presov
10%
Oman Salalah
10%
Panama David
9%
Luxembourg Dudelange
9%
Andorra Encamp
9%
Trinidad and Tobago Port-of-Spain
9%
Moldova Balti
8%
Peru Callao
8%
North Macedonia Kumanovo
8%
Mozambique Nampula
8%
Nauru Yaren
8%
Sudan Khartoum North
7%
Kenya Kisumu
7%
Cambodia Krong Battambang
7%
Jamaica Portmore
7%
Yemen Ta'izz
7%
Senegal Thies
7%
Iceland Hafnarfjörður
6%
Angola Lobito
6%
Azerbaijan Sumqayit
6%
Liechtenstein Triesen
6%
Ivory Coast Bouaké
5%
Bahamas Freeport
5%
Saudi Arabia Makkah
5%
Fiji Nadi
5%
Costa Rica Alajuela
4%
Madagascar Antsirabe
4%
Cameroon Bamenda
4%
North Korea Chongjin
4%
Mongolia Darkhan
4%
Niger Maradi
4%
Ethiopia Mek'ele
4%
Zambia Ndola
4%
Guyana New Amsterdam
4%
Chad Sarh
4%
Ghana Sekondi-Takoradi
4%
South Sudan Wau
4%
Liberia Buchanan
3%
Micronesia Colonia
3%
Benin Djougou
3%
Eritrea Massawa
3%
Libya Misratah
3%
Mali Mopti
3%
Bahrain Muharraq
3%
Dominican Republic Santo Domingo Oeste
3%
Armenia Vanadzor
3%
Malawi Zomba
3%
Papau New Guinea Arawa
2%
Somalia Bosaso
2%
Turkmenistan Dasoguz
2%
Djibouti Dikhil
2%
Equatorial Guinea Ebebiyin
2%
Cabo Verde Espargos
2%
Comoros Fomboni
2%
Guinea-Bissau Gabú
2%
Solomon Islands Ghizo
2%
Nepal Lalitpur
2%
Antigua and Barbuda Liberta
2%
Botswana Molepolole
2%
Laos Pakxe
2%
Brunei Seria
2%
Mauritius Vacoas
2%
Qatar Ar Rayyan
1%
Eswatini Big Bend
1%
Suriname Brokopondo
1%
Rwanda Butare
1%
Zimbabwe Chitungwiza
1%
Honduras Choloma
1%
Uruguay Cuidad de la Costa
1%
Haiti Delmas
1%
Republic of the Congo Dolisie
1%
St Kitts and Nevis Fig Tree
1%
Bhutan Gelephu
1%
Kosovo Gnjilane
1%
Grenada Grenville
1%
Guinea Guéckédou
1%
Iraq Hillah
1%
Tajikistan Kulob
1%
Gabon Lambarene
1%
Uganda Lira
1%
Paraguay Luque
1%
Dominica Marigot
1%
Central African Republic Mbaïki
1%
Tuvalu Motufoua School
1%
Thailand Nakhon Ratchasima
1%
Mauritania Nema
1%
Sao Tome and Principe Neves
1%
Barbados Oistins
1%
Burkina Faso Ouahigouya
1%
Mexico Puebla de Zaragoza
1%
Burundi Ruyigi
1%
East Timor Suai
1%
St Lucia Vieux Fort
1%
Guatemala Villa Nueva
1%
Marshall Islands Arno
0%
Kuwait Ar Riqqah
0%
Seychelles Bel Ombre
0%
Kiribati Bikenibeu Village
0%
Sierra Leone Bo Town
0%
St Vincent and the Grenadines Byera Village
0%
Maldives Hithathoo
0%
Vanuatu Isangel
0%
Palau Kloulklubed
0%
Lesotho Mafeteng
0%
Sri Lanka Moratuwa
0%
Samoa Mulifanua
0%
Tonga Neiafu
0%
No matching quizzes found
Score Distribution
Percent of People with Each Score
Percentile by Number Answered
Your Score History
You have not taken this quiz since the last reset